000 00669cam a2200205 a 4500
001 000010087
005 20200929161834.0
008 880818s1987 cu f000 0 spa c
040 _aDO-SdBNP
_bspa
_cLC
_dBNPHU
082 _aCu862.44
_bE79v
100 1 _aEstévez, Abilio,
_d1954-
_925067
245 1 3 _aLa verdadera culpa de Juan Clemente Zenea /
_cAbilio Estévez.
260 _aLa Habana :
_bUnión de Escritores y Artistas de Cuba,
_c1987.
300 _a127 p. ;
_c18 cm.
586 _aPremio UNEAC de teatro "José Antonio Ramos"
650 4 _aTeatro cubano
_924517
650 4 _aLiteratura cubana
_91483
910 _aCatalogación por copia / LC
049 _aBNGR
999 _c9846
_d9846